Democracy in Capitalist Times : (Record no. 14315)
[ view plain ]
| 000 -LEADER | |
|---|---|
| fixed length control field | 01279cam a2200301 a 4500 |
| 001 - CONTROL NUMBER | |
| control field | 2562161 |
| 005 - DATE AND TIME OF LATEST TRANSACTION | |
| control field | 20060719180302.0 |
| 008 - FIXED-LENGTH DATA ELEMENTS--GENERAL INFORMATION | |
| fixed length control field | 951006s1996 nyu | b 001 0 eng d |
| 010 ## - LIBRARY OF CONGRESS CONTROL NUMBER | |
| LC control number | 95042341 |
| 020 ## - INTERNATIONAL STANDARD BOOK NUMBER | |
| International Standard Book Number | 0195105990 (alk. paper) |
| 020 ## - INTERNATIONAL STANDARD BOOK NUMBER | |
| International Standard Book Number | 0195106008 (pbk. alk. paper) |
| 040 ## - CATALOGING SOURCE | |
| Original cataloging agency | DLC |
| Transcribing agency | DLC |
| Modifying agency | DLC |
| 050 00 - LIBRARY OF CONGRESS CALL NUMBER | |
| Classification number | JC423 |
| Item number | .D726 1996 |
| 082 00 - DEWEY DECIMAL CLASSIFICATION NUMBER | |
| Classification number | 321.809049 |
| Edition number | 20 |
| Item number | DRY |
| 100 1# - MAIN ENTRY--PERSONAL NAME | |
| Personal name | Dryzek, John S., |
| Dates associated with a name | 1953- |
| 9 (RLIN) | 15593 |
| 245 10 - TITLE STATEMENT | |
| Title | Democracy in Capitalist Times : |
| Remainder of title | Ideals, Limits, and Struggles / |
| Statement of responsibility, etc | John S. Dryzek. |
| 260 ## - PUBLICATION, DISTRIBUTION, ETC. (IMPRINT) | |
| Place of publication, distribution, etc | New York : |
| Name of publisher, distributor, etc | Oxford University Press, |
| Date of publication, distribution, etc | c1996. |
| 300 ## - PHYSICAL DESCRIPTION | |
| Extent | viii, 182 p. ; |
| Dimensions | 24 cm. |
| 504 ## - BIBLIOGRAPHY, ETC. NOTE | |
| Bibliography, etc | Includes bibliographical references and index. |
| 541 ## - IMMEDIATE SOURCE OF ACQUISITION NOTE | |
| Source of acquisition | Bacca ; |
| 650 #0 - SUBJECT ADDED ENTRY--TOPICAL TERM | |
| Topical term or geographic name as entry element | Democracy. |
| 9 (RLIN) | 15594 |
| 650 #0 - SUBJECT ADDED ENTRY--TOPICAL TERM | |
| Topical term or geographic name as entry element | Capitalism. |
| 9 (RLIN) | 15595 |
| 856 42 - ELECTRONIC LOCATION AND ACCESS | |
| Materials specified | Publisher description |
| Uniform Resource Identifier | <a href="http://www.loc.gov/catdir/enhancements/fy0604/95042341-d.html">http://www.loc.gov/catdir/enhancements/fy0604/95042341-d.html</a> |
| 856 41 - ELECTRONIC LOCATION AND ACCESS | |
| Materials specified | Table of contents only |
| Uniform Resource Identifier | <a href="http://www.loc.gov/catdir/enhancements/fy0604/95042341-t.html">http://www.loc.gov/catdir/enhancements/fy0604/95042341-t.html</a> |
| 942 ## - ADDED ENTRY ELEMENTS (KOHA) | |
| Source of classification or shelving scheme | Dewey Decimal Classification |
| Item type | Book - Borrowing |
| Withdrawn status | Item status | Source of classification or shelving scheme | Damaged status | Not for loan | Vendor | Home library | Current library | Shelving location | Date acquired | Source of acquisition | Cost, normal purchase price | Serial Enumeration / chronology | Total Checkouts | Total Renewals | Full call number | Barcode | Date last seen | Date last borrowed | Koha item type |
|---|---|---|---|---|---|---|---|---|---|---|---|---|---|---|---|---|---|---|---|
| Dewey Decimal Classification | Baccah | Central Library | Central Library | First floor | 01/07/2010 | 215.00 | 10484 | 2 | 1 | 321.809049 DRY | 000021405 | 15/07/2025 | 16/10/2016 | Book - Borrowing |